000 00394nam a22001457a 4500
999 _c7712
_d7710
005 20210322111531.0
008 210322b ||||| |||| 00| 0 eng d
082 _a346.066
100 _aAIYAR, A.N.
_96466
245 _aCOMPANY CASES THE CORPORATE LAW WEEKLY [VOL-196]
260 _aCHENNAI
_bCOMPANY LAW INSTITUTE OF INDIA
_c2016
300 _a580,i-xvi,p
650 _aLAW
_95701
942 _cJRL